000 00967nam a22003133 4500
001 75323
003 BD-RjUL
005 20211209082655.0
008 190226s1914 enk 000 0
035 _a(BD-RjUL)75541)
040 _aBD-RjUL
_beng
_cBD-RjUL
041 _aeng
082 _223
_a638.14
_bDUW 1928
092 _aHL267
100 1 _aDuncan, Francis Martin.
_9228628
245 1 0 _aWonders of insect life /
_c [by] F.Martin Duncan. & L. T. Duncan.
260 _aLondon:
_c[1914]
_bOxford University Press,
300 _a87 p. :
_c17 cm.
_bill. ;
650 _aInsect Culture
_9228629
690 0 0 _aZoology
_9228632
752 _aEngland
_dLondon
942 _2ddc
_cBK
999 _c75323
_d75323